00706nam a2200169 i 450000100060000000300090000600500170001500700030003200800410003510000390007624501310011526000740024630000320032050000800035271000730043285200310050523718ES-MaACL20250927063033.0t|021212s1947 sp ||||1| spa d1 aAmengual, Bartolomé, d1866-196114aLas enseñanzas mercantiles b: trabajos en pro de su enaltecimiento, mejora y mayor difusión / cpor Bartolomé Amengual. aBarcelona : b[s.n., c1947] (fSociedad Alianza de Artes Gráficas) a250 p., 6 lám. ; c20 cm. aPrecede a tít.: Cámara Oficial de Comercio y Navegación de Barcelona.2 aCámara Oficial de Comercio, Industria y Navegación de Barcelona. aES-MaACLjC-4821 bR.25370